Chile : la lucha por el poder / (Record no. 103678)
[ view plain ]
| 000 -LEADER | |
|---|---|
| fixed length control field | 00581cam a2200181 4500 |
| 008 - FIXED-LENGTH DATA ELEMENTS--GENERAL INFORMATION | |
| fixed length control field | 1983 spa |
| 050 #4 - LIBRARY OF CONGRESS CALL NUMBER | |
| Classification number | JL2626 |
| Item number | CH5 1983 |
| 245 #0 - TITLE STATEMENT | |
| Title | Chile : la lucha por el poder / |
| Statement of responsibility, etc | Centro de informacion y documentacion Luis Emilio Recabarren |
| 260 ## - PUBLICATION, DISTRIBUTION, ETC. (IMPRINT) | |
| Place of publication, distribution, etc | México : |
| Name of publisher, distributor, etc | Universidad Autonoma de Guerrero, |
| Date of publication, distribution, etc | 1983 |
| 300 ## - PHYSICAL DESCRIPTION | |
| Extent | 97 p. ; |
| Dimensions | 21 cm. |
| 440 #0 - SERIES STATEMENT/ADDED ENTRY--TITLE | |
| Title | Luchas populares latinoamericanas |
| 500 ## - GENERAL NOTE | |
| General note | 1 ejemplar |
| 504 ## - BIBLIOGRAPHY, ETC. NOTE | |
| Bibliography, etc | Incluye indice |
| 650 #4 - SUBJECT ADDED ENTRY--TOPICAL TERM | |
| Topical term or geographic name as entry element | CHile |
| General subdivision | politica y gobierno |
| -- | 1930 |
| 942 ## - ADDED ENTRY ELEMENTS (KOHA) | |
| Source of classification or shelving scheme | Biblioteca del Cogreso de los Estados Unidos |
| -- | IB |
| Estado de pérdida | Fuente de clasificación | Estado del daño | No para préstamo | Ubicación permanente | Ubicación actual | Apartado o colección | Fecha de adquisición | Área del conocimiento | Clasificación | Código de Barras | Date last seen | Número de copia | Costo por reposición | Tipo de recurso |
|---|---|---|---|---|---|---|---|---|---|---|---|---|---|---|
| Biblioteca del Cogreso de los Estados Unidos | Biblioteca de la Preparatoria Ing. Pascual Ortiz Rubio | Biblioteca de la Preparatoria Ing. Pascual Ortiz Rubio | General | 06/08/2019 | Ciencias Sociales y Administrativas | JL2626 CH5 1983 | PPO000006385 | 06/08/2019 | C1 | 0.00 | Audio |